Statistics for Beat It by Michael Jackson Lyrics

Click here to take the quiz!

General Stats

  • This quiz has been taken 99 times
  • The average score is 48 of 54

Answer Stats

Lyrics% Correct
{Beat} it ({beat} it)
99%
{Beat} it ({beat} it)
99%
{Beat} it ({beat} it)
99%
{Beat} it ({beat} it)
99%
{Beat} it, {beat} it, {beat} it, {beat} it
99%
Just {beat} it ({beat} it)
99%
Just {beat} it ({beat} it)
99%
Just {beat} it ({beat} it)
99%
Just {beat} it ({beat} it)
99%
Just {beat} it ({beat} it)
99%
Just {beat} it, {beat} it, {beat} it, {beat} it
99%
Just {beat} it, {beat} it, {beat} it, {beat} it
99%
Just {beat} it, {beat} it, {beat} it, {beat} it
99%
Just {beat} it, {beat} it, {beat} it, {beat} it
99%
Just {beat} it, {beat} it, {beat} it, {beat} it
99%
Just {beat} it, {beat} it, {beat} it, {beat} it
99%
Just {beat} it ({beat} it uuh)
99%
So {beat} it, just {beat} it
99%
So {beat} it, just {beat} it
99%
It doesn't matter who's {wrong} or right
97%
It doesn't matter who's {wrong} or right
97%
It doesn't matter who's {wrong} or right
97%
It doesn't matter who's {wrong} or right
97%
It doesn't matter who's {wrong} or right
97%
It doesn't matter who's {wrong} or right
97%
It doesn't matter who's {wrong} or right
97%
You better {run}, you better do what you can
92%
Don't wanna see your face, you better {disappear}"
90%
They told him, "Don't you ever come {around} here
89%
Don't wanna see no blood, don't be a {macho} man
88%
The {fire}'s in their eyes and their words are really clear
84%
Showin' how funky and strong is your {fight}
83%
Showin' how funky and strong is your {fight}
83%
Showin' how funky and strong is your {fight}
83%
Showin' how funky and strong is your {fight}
83%
Showin' how funky and strong is your {fight}
83%
Showin' how funky and strong is your {fight}
83%
Showin' how funky and strong is your {fight}
83%
You wanna be {tough}, better do what you can
82%
No one wants to be {defeated}
81%
No one wants to be {defeated}
81%
No one wants to be {defeated}
81%
No one wants to be {defeated}
81%
No one wants to be {defeated}
81%
No one wants to be {defeated}
81%
No one wants to be {defeated}
81%
So beat it, but you wanna be {bad}
79%
So beat it, but you wanna be {bad}
79%
You have to show them that you're really not {scared}
78%
Don't wanna be a {boy}, you wanna be a man
73%
They'll kick you, then they'll beat you then they'll tell you it's {fair}
73%
You're playin' with your life, this ain't no {truth} {or} {dare}
73%
You wanna stay {alive}, better do what you can
73%
They're out to get you, better {leave} while you can
71%

Score Distribution

Percentile by Number Answered

Percent of People with Each Score

Your Score History

You have not taken this quiz